| 000 | 00396nam a2200133Ia 4500 | ||
|---|---|---|---|
| 008 | 231129s1996||||xx |||||||||||||| ||spa|| | ||
| 040 | _bspa | ||
| 082 | _aCo863.44 P438ca | ||
| 100 | _aPérez Pinzón César | ||
| 245 | 0 | _aLa calle del farol dormido: relatos | |
| 260 | _c1996 | ||
| 264 | _aEdiciones Forum Pacis ; Fondo Mixto para la Promocion de la Cultura y de las artes | ||
| 942 |
_2ddc _cBKS |
||
| 999 |
_c16536 _d16536 |
||